Normal view
MARC view
Entry Personal Name
001 - CONTROL NUMBER
- control field: 83221
003 - CONTROL NUMBER IDENTIFIER
- control field: dpl
005 - DATE AND TIME OF LATEST TRANSACTION
- control field: 20250724105504.0
008 - FIXED-LENGTH DATA ELEMENTS
- fixed length control field: 250724|| aca||aabn | a|a d
040 ## - CATALOGING SOURCE
- Original cataloging agency: dpl
- Transcribing agency: dpl
100 ## - HEADING--PERSONAL NAME
- Personal name: संदीप कुमार
670 ## - SOURCE DATA FOUND
- Source citation: Work cat.: (dpl)212522: संदीप कुमार, बाबा साहब भीमराव अम्बेडकर/
